00308nam a2200109 a 4500008004100000050001600041100002000057245002500077246005000102260003700152350000900189120416s1966 ||||||||||||||||| || u aHG 3881 Tri aTriffin, Robert14aThe world money maze anational currencies in international payments aNew HavenbYale Universityc1966 a0.00